|
|
|
|
| LEADER |
01165nam a2200277 a 4500 |
| 001 |
GR-Patra14969 |
| 008 |
021008s1999 gr e 000 0 gre d |
| 020 |
|
|
|a 9602864281
|
| 040 |
|
|
|a GrPaTEI
|b gre
|c GR-PaULI
|
| 040 |
|
|
|a GrPaTEI
|b gre
|c GR-PaULI
|
| 082 |
|
0 |
|a 610.730698
|2 21
|
| 100 |
1 |
|
|a Hegner, Barbara R.
|
| 245 |
1 |
0 |
|a Νοσηλευτική βοήθεια /
|c Barbara R. Hegner, Esther Caldwell, Joan F. Needham .
|p Ειδική νοσηλευτική φροντίδα.
|
| 250 |
|
|
|a 7η έκδ.
|
| 260 |
|
|
|a [Αθήνα] :
|b Έλλην,
|c c1999
|
| 300 |
|
|
|a vi, 271-386σ.
|
| 500 |
|
|
|a Τίτλος πρωτοτύπου: Nursing assistant - A nursing process approach
|
| 650 |
|
4 |
|a ΝΟΣΗΛΕΥΤΙΚΗ ΦΡΟΝΤΙΔΑ
|
| 700 |
1 |
|
|a caldwell, esther
|
| 700 |
1 |
|
|a Needham, Joan F.
|
| 700 |
1 |
|
|a καλαβρουζιωτης, Γεωργιος
|
| 710 |
0 |
|
|a Ελλην
|
| 942 |
|
|
|2 ddc
|
| 952 |
|
|
|0 0
|1 0
|2 ddc
|4 0
|6 610_730698000000000_HEG
|7 0
|9 293829
|a LISK
|b LISK
|c BSC
|d 2021-01-17
|e 24
|f 0
|g 0.00
|l 0
|o 610.730698 HEG
|p 92410017549
|r 2021-01-17 00:00:00
|t 1
|w 2021-01-17
|y BK15
|x 20021008 0 1
|x GrPaTEI
|
| 971 |
|
|
|a .b26624849
|b 16-04-20
|c 23-09-16
|
| 999 |
|
|
|c 171750
|d 171750
|